000
00304nam a2200133 i 4500
001
bg
100
1
_a
CHASPENDŻER, R.
245
0
_a
Integral'naja optika /
_c
R. Chaspendżer.
260
_a
Moskwa,
_c
19835.
040
_c
BPK
041
_a
pol
942
_c
KS
008
s pl f |000 0 pol
999
_c
28221
_d
28221